Statistics for KPOP 2022 MV most viewed

Click here to take the quiz!

General Stats

  • This quiz has been taken 109 times
  • The average score is 18 of 50

Answer Stats

RankViewsAnswer% Correct
1489m+Pink Venom - BLACKPINK
85%
3293m+SHUT DOWN - BLACKPINK
77%
6184m+LOVE DIVE - IVE
64%
8161m+POP! - NAYEON
64%
9152m+AFTER LIKE - IVE
63%
10150m+Maniac - Stray Kids
63%
4194m+TOMBOY - (G)I-DLE
63%
2488m+ANTIFRAGILE - LE SSERAFIM
61%
15132m+Fearless - LE SSERAFIM
59%
16124m+SNEAKERS - ITZY
56%
2293m+O.O - NMIXX
55%
17120m+Talk That Talk - TWICE
53%
3172m+Case 143 - Stray Kids
52%
3072m+Dice - NMIXX
51%
2385m+That That - PSY(ft. SUGA)
51%
12147m+Nxde - (G)I-DLE
49%
4548m+Hype Boy(Performance ver.) -
Newjeans
48%
2196m+HOT - Seventeen
44%
18114m+Girls - aespa
43%
13144m+Wa Da Da - Kep1er
43%
7171m+Yet To Come - BTS
40%
2390m+CHESHIRE - ITZY
39%
2874m+ZOO - Taeyong, Jeno, Hendery,
YangYang, Giselle
37%
11150m+ZOOM - Jessi
36%
4449m+INVU - TAEYEON
31%
3461m+Feel My Rhythm - Red Velvet
29%
20110m+JIKJIN - TREASURE
29%
3561m+World_ - Seventeen
28%
2586m+2 Baddies - NCT 127
27%
3855m+The Astronaut - JIN
27%
3262m+Good Boy Gone Bad - TXT
25%
4645m+Blessed-Cursed - ENHYPEN
24%
3660m+RUN2U - STAYC
24%
4152m+FOREVER 1 - SNSD
23%
3758m+HELLO - TREASURE
21%
2973m+Beatbox - NCT DREAM
20%
2679m+Glitch Mode - NCT DREAM
20%
4053m+Heart burn - Sunmi
19%
3361m+More - j-hope
19%
4842m+Darari(remix) - TREASURE
17%
19112m+Dreamers - JUNG KOOK
17%
5193m+Ready for love - BLACKPINK
17%
14142m+Step Back - GOT The Beat
16%
2777m+Still Life - BIGBANG
15%
3953m+Venom(Spider Web) - Stray Kids
13%
4971m+BTBT - B.I X Soulja Boy
11%
4252m+Life's too short - aespa
11%
5050m+nanana - GOT7
11%
4352m+Slow Mo - BAM BAM
4%
4744m+Thank You - Brave Girls
4%

Score Distribution

Percentile by Number Answered

Percent of People with Each Score

Your Score History

You have not taken this quiz